000 00456nab a2200145Ia 4500
003 ES-SlBCS
005 20210601132802.0
008 140529s1998 xxu||||| |||| 00| 0 ita d
041 _aita
100 1 _aMajkrazak, Henryk
_9198872
245 0 0 _aIl problema dell'amicizia nel pensiero di Aristotele
_c Henryk Majkrazak
600 0 4 _aAristóteles-Amistad
_9158921
773 0 _tForum Philosophicum
_gvol. 3, nº. 3, 1998, págs. 185-193
_wRev211
942 _cAR
999 _c585656
_d585656